Statistiken für Ergebnisdiagramm der Fußball-Weltmeisterschaft 1934

Klicken Sie hier um das Quiz zu spielen!

Allgemein

  • Dieses Quiz wurde 70 mal gespielt
  • Das Durchschnittsergebnis liegt bei 13 aus 16

Antworten auf der Karte

Die Antworten werden auf der Karte rot bzw. grün angezeigt, abhängig davon wie oft sie richtig erraten wurden.
Laden ...
 

Antwortstatistiken

Nation% Korrekt
Italien
98%
Deutschland
98%
Brasilien
96%
Argentinien
92%
Schweiz
92%
Österreich
88%
Frankreich
87%
USA
87%
Spanien
81%
Belgien
79%
Schweden
79%
Niederlande
73%
Ungarn
71%
Tschechoslowakei
67%
Rumänien
48%
Ägypten
21%

Verteilung der Resultate

Perzentil nach korrekt beantworteten Fragen

Anzahl Personen mit jedem Resultat

Ihre Resultats-Entwicklung

Sie haben dieses Quiz noch nicht gespielt